Video Formats - Sudden Death - Statistics

General Stats
  • This quiz has been taken 16 times
  • The average score is 6 of 12
Answers on the Grid
Answers color-coded by a green-red scale on the quiz's grid according to % correct below.
JPEG
PNG
MP4
GIF
BMP
AVI
MKV
TXT
MOV
XLSX
MP3
FLV
WAV
AAC
ZIP
MPEG
MPG
WMV
FLAC
RAR
ISO
EXE
WEBM
3GP
HTML
CSS
ASF
JS
M4V
DOCX
 
Answer Stats
Answer % Correct
MP4
100%
AVI
67%
M4V
67%
MOV
67%
MPG
67%
WEBM
67%
3GP
33%
FLV
33%
MKV
33%
MPEG
33%
WMV
33%
ASF
0%
No matching quizzes found
Score Distribution
Percent of People with Each Score
Percentile by Number Answered
Your Score History
You have not taken this quiz